Guess The Song Via Lyrics Quiz #3 - Statistics

General Stats
  • This quiz has been taken 35 times
  • The average score is 109 of 306
Answer Stats
Hint Answer % Correct
I
100%
a
97%
the
97%
You
87%
you
87%
me
80%
and
70%
And
70%
It
70%
she
70%
hear
67%
when
67%
Her
63%
her
63%
on
63%
so
63%
like
60%
is
57%
your
57%
can
53%
of
53%
what
53%
I'm
47%
in
47%
to
47%
you're
47%
if
43%
my
40%
I'll
37%
it's
37%
know
37%
then
37%
for
33%
that
33%
was
33%
But
30%
From
30%
Just
30%
just
30%
Oh
30%
or
30%
feel
27%
right
27%
all
23%
look
23%
way
23%
I've
20%
left
20%
them
20%
dance
17%
did
17%
down
17%
make
17%
out
17%
smile
17%
tell
17%
at
13%
don't
13%
need
13%
really
13%
seen
13%
TV
13%
very
13%
With
13%
best
10%
dances
10%
pretty
10%
sure
10%
babe
7%
bird
7%
end
7%
find
7%
Grande
7%
looking
7%
means
7%
name
7%
paradise
7%
Song Name Rio
7%
river
7%
run
7%
side
7%
something
7%
step
7%
take
7%
Two
7%
west
7%
across
3%
alive
3%
beach
3%
birthday
3%
'cause
3%
Cherry
3%
cream
3%
Artist / Band Duran Duran
3%
dusty
3%
Hey
3%
ice
3%
land
3%
might
3%
much
3%
nice
3%
now
3%
sand
3%
shows
3%
special
3%
stars
3%
through
3%
view
3%
Written By: Andy Taylor
0%
arrive
0%
billion
0%
catch
0%
chance
0%
drive
0%
flick
0%
floor
0%
Written By: John Taylor
0%
lawmen
0%
luck
0%
mirror
0%
mountains
0%
Moving
0%
nearly
0%
Written By: Nick Rhodes
0%
North
0%
ooh
0%
Written By: Roger Taylor
0%
shines
0%
shout
0%
Written By: Simon Le Bon
0%
suppose
0%
thinking
0%
tjhat
0%
twisting
0%
twists
0%
understand
0%
yoiu're
0%
No matching quizzes found
Score Distribution
Percent of People with Each Score
Percentile by Number Answered
Your Score History
You have not taken this quiz